Sasyaparisthitivijnanam (Record no. 22811)

MARC details
000 -LEADER
fixed length control field 00318nam a2200121Ia 4500
082 ## - DEWEY DECIMAL CLASSIFICATION NUMBER
Classification number 581.5
Item number KOS
100 ## - MAIN ENTRY--AUTHOR NAME
Personal name KOSHY, Cherian
245 #0 - TITLE STATEMENT
Title Sasyaparisthitivijnanam
260 ## - PUBLICATION, DISTRIBUTION, ETC. (IMPRINT)
Place of publication Trivandrum
Name of publisher State Institue of Lanaguages
Year of publication 1972
650 ## - SUBJECT ADDED ENTRY--TOPICAL TERM
Topical Term Plant ecology
942 ## - ADDED ENTRY ELEMENTS (KOHA)
Koha item type Books
Holdings
Withdrawn status Lost status Damaged status Not for loan Home library Current library Shelving location Date acquired Full call number Accession Number Koha item type
        RRII Library RRII Library Malayalam 16/12/2021 581.5 KOS 03522 Books